<?xml version="1.0" encoding="UTF-8"?>
<record
    xmlns:xsi="http://www.w3.org/2001/XMLSchema-instance"
    xsi:schemaLocation="http://www.loc.gov/MARC21/slim http://www.loc.gov/standards/marcxml/schema/MARC21slim.xsd"
    xmlns="http://www.loc.gov/MARC21/slim">

  <leader>00686nam a22002297a 4500</leader>
  <controlfield tag="005">20170124105941.0</controlfield>
  <datafield tag="010" ind1=" " ind2=" ">
    <subfield code="a">A-579727</subfield>
  </datafield>
  <datafield tag="020" ind1=" " ind2=" ">
    <subfield code="c">180.00</subfield>
  </datafield>
  <datafield tag="035" ind1=" " ind2=" ">
    <subfield code="a">A-579727</subfield>
  </datafield>
  <datafield tag="037" ind1=" " ind2=" ">
    <subfield code="b">Cen Lib/Ret</subfield>
  </datafield>
  <datafield tag="040" ind1=" " ind2=" ">
    <subfield code="a">DPL</subfield>
    <subfield code="b">EN</subfield>
  </datafield>
  <datafield tag="082" ind1=" " ind2=" ">
    <subfield code="a">250</subfield>
    <subfield code="2">SAT</subfield>
  </datafield>
  <datafield tag="100" ind1=" " ind2=" ">
    <subfield code="a">Sath, Ved</subfield>
    <subfield code="9">11123</subfield>
  </datafield>
  <datafield tag="245" ind1=" " ind2=" ">
    <subfield code="a">Study of biographies of the buddhat :</subfield>
    <subfield code="c">by Ved Seth</subfield>
    <subfield code="b">based on pali and sanskrit sources /</subfield>
  </datafield>
  <datafield tag="260" ind1=" " ind2=" ">
    <subfield code="a">New Delhi</subfield>
    <subfield code="b">Akay book corporation </subfield>
    <subfield code="c">1992</subfield>
  </datafield>
  <datafield tag="270" ind1=" " ind2=" ">
    <subfield code="b">New Delhi</subfield>
    <subfield code="a">FB-23, tagore garden</subfield>
    <subfield code="e">110027</subfield>
  </datafield>
  <datafield tag="300" ind1=" " ind2=" ">
    <subfield code="a">252p.</subfield>
    <subfield code="c">21cm(Hb)</subfield>
  </datafield>
  <datafield tag="500" ind1=" " ind2=" ">
    <subfield code="a">Includes index </subfield>
  </datafield>
  <datafield tag="650" ind1=" " ind2=" ">
    <subfield code="a">Religion</subfield>
    <subfield code="y"> </subfield>
    <subfield code="v">bibiliography</subfield>
    <subfield code="9">11124</subfield>
  </datafield>
  <datafield tag="650" ind1=" " ind2=" ">
    <subfield code="a">Buddhism</subfield>
    <subfield code="9">1068</subfield>
  </datafield>
  <datafield tag="942" ind1=" " ind2=" ">
    <subfield code="2">ddc</subfield>
    <subfield code="c">EN</subfield>
    <subfield code="h">250</subfield>
    <subfield code="m">SET</subfield>
  </datafield>
  <datafield tag="999" ind1=" " ind2=" ">
    <subfield code="c">124549</subfield>
    <subfield code="d">124549</subfield>
  </datafield>
  <datafield tag="952" ind1=" " ind2=" ">
    <subfield code="0">0</subfield>
    <subfield code="1">0</subfield>
    <subfield code="4">0</subfield>
    <subfield code="7">1</subfield>
    <subfield code="8">REF</subfield>
    <subfield code="a">L</subfield>
    <subfield code="b">L</subfield>
    <subfield code="d">2015-06-17</subfield>
    <subfield code="e">Cen Lib/Ret</subfield>
    <subfield code="g">180.00</subfield>
    <subfield code="l">0</subfield>
    <subfield code="o">250 SET</subfield>
    <subfield code="p">A-579727</subfield>
    <subfield code="r">2015-06-17 00:00:00</subfield>
    <subfield code="t">1</subfield>
    <subfield code="v">180.00</subfield>
    <subfield code="w">2015-06-17</subfield>
    <subfield code="y">EN</subfield>
  </datafield>
</record>
